| 000 | 00674nam a2200217 i 4500 | ||
|---|---|---|---|
| 001 | 185869 | ||
| 003 | ES-MaACL | ||
| 005 | 20230906222532.0 | ||
| 008 | 160817s1972 sp |||| | spa d | ||
| 245 | 0 | 0 |
_aPlaneamiento de la edificación / _cdirección, J. Martitegui Susunaga. |
| 250 | _a1ª ed. | ||
| 260 |
_aMadrid : _bMart-2, _c1972. |
||
| 300 |
_a2 v. : _bil. ; _c28 cm. |
||
| 490 | 1 |
_aCuadernos cupla ; _v1 |
|
| 505 | 8 | _aContiene: 1. Planteamiento inicial del proyecto | |
| 650 | 4 |
_aConstrucción. _911295 |
|
| 700 | 1 |
_aMartitegui Susunaga, Jesús. _978518 |
|
| 830 | 1 |
_aCuadernos cupla ; _v1 _9225296 |
|
| 852 | 4 |
_aES-MaACL _jP-1466 |
|
| 999 |
_c185869 _d185869 |
||